[Event "TUR-chT"]
[Site "Ankara"]
[Date "2022.08.27"]
[Round "13.3"]
[White "Karagollu, Ahmet"]
[Black "Eren, Ataberk"]
[Result "1/2-1/2"]
[WhiteElo "2166"]
[BlackElo "2211"]
[PlyCount "73"]
[EventDate "2022.08.16"]
[EventType "team-tourn"]
[EventRounds "13"]
[EventCountry "TUR"]
[SourceTitle "CBM 209 Extra"]
[Source "ChessBase"]
[SourceDate "2022.09.30"]
[SourceVersion "1"]
[SourceVersionDate "2022.09.30"]
[SourceQuality "1"]
[WhiteTeam "Tas Duvar"]
[BlackTeam "Bursa Buyuksehir"]
[WhiteTeamCountry "TUR"]
[BlackTeamCountry "TUR"]

1. e4 e6 2. d4 d5 3. Nc3 Nf6 4. Bg5 h6 5. Bxf6 Qxf6 6. exd5 Bb4 7. Bb5+ c6 8. dxc6 bxc6 9. Be2 0-0 10. a3 Ba5 11. b4 Bb6 12. Nf3 Nd7 13. 0-0 e5 14. dxe5 Nxe5 15. Ne4 Qf4 16. Nxe5 Qxe5 17. Bd3 Be6 18. Re1 Rad8 19. Qf3 Qd4 20. Rad1 Qb2 21. h3 Kh8 22. Ng3 Rfe8 23. Qxc6 Qxa3 24. Qe4 g6 25. Qe5+ Kg8 26. Ne4 Bd4 27. Nf6+ Kf8 28. Qf4 g5 29. Qf3 Re7 30. h4 Qxb4 31. Re4 Qc5 32. hxg5 hxg5 33. Rde1 Kg7 34. Nh5+ Kg8 35. Nf6+ Kg7 36. Nh5+ Kg8 37. Nf6+ 1/2-1/2

[Event "TUR-chT"]
[Site "Ankara"]
[Date "2022.08.20"]
[Round "5.1"]
[White "Benk, Tolga Tugay"]
[Black "Karagollu, Ahmet"]
[Result "0-1"]
[WhiteElo "1799"]
[BlackElo "2166"]
[PlyCount "126"]
[EventDate "2022.08.16"]
[EventType "team-tourn"]
[EventRounds "13"]
[EventCountry "TUR"]
[SourceTitle "CBM 209 Extra"]
[Source "ChessBase"]
[SourceDate "2022.09.30"]
[SourceVersion "1"]
[SourceVersionDate "2022.09.30"]
[SourceQuality "1"]
[WhiteTeam "Tarsus Zeka"]
[BlackTeam "Tas Duvar"]
[WhiteTeamCountry "TUR"]
[BlackTeamCountry "TUR"]

1. c4 Nf6 2. Nc3 g6 3. g3 Bg7 4. Bg2 0-0 5. e3 c6 6. Nge2 d5 7. cxd5 cxd5 8. d4 Nc6 9. Nf4 e6 10. 0-0 b6 11. b3 Ba6 12. Re1 Qd7 13. Bb2 Rac8 14. Nd3 Rfd8 15. Bf1 Qb7 16. Rc1 Ne4 17. Na4 Ne7 18. f3 Nd6 19. Qd2 Nef5 20. Nf4 Bxf1 21. Rxf1 Bh6 22. Ng2 Qe7 23. Ba3 Qd7 24. g4 Ne7 25. Qb4 Qb7 26. Rxc8 Nexc8 27. Rc1 Bf8 28. Qe1 Qa6 29. Qf1 Qb7 30. Rc2 Qb8 31. Qc1 Bh6 32. Bb4 Nb5 33. Qf1 Ncd6 34. Nc3 Nxc3 35. Rxc3 Bf8 36. Rc2 Bg7 37. Bxd6 Qxd6 38. f4 f6 39. Qf3 e5 40. dxe5 fxe5 41. fxe5 Bxe5 42. Nf4 d4 43. Rd2 Qf6 44. Qe4 Rc8 45. Rf2 dxe3 46. Qd5+ Qf7 47. Qxf7+ Kxf7 48. Rf3 Kg8 49. Nd3 Bd4 50. Rf4 Rc1+ 51. Kg2 Rc2+ 52. Kf3 Bg7 53. Ra4 a5 54. h4 e2 55. Ne1 Rb2 56. Re4 Rxa2 57. Rxe2 Rxe2 58. Kxe2 b5 59. Nc2 Bf6 60. h5 Kg7 61. b4 a4 62. Na3 Bb2 63. Nxb5 a3 0-1

[Event "TUR-chT"]
[Site "Ankara"]
[Date "2022.08.19"]
[Round "4.5"]
[White "Karagollu, Ahmet"]
[Black "Kamer, Kayra"]
[Result "0-1"]
[WhiteElo "2166"]
[BlackElo "2371"]
[PlyCount "92"]
[EventDate "2022.08.16"]
[EventType "team-tourn"]
[EventRounds "13"]
[EventCountry "TUR"]
[SourceTitle "CBM 209 Extra"]
[Source "ChessBase"]
[SourceDate "2022.09.30"]
[SourceVersion "1"]
[SourceVersionDate "2022.09.30"]
[SourceQuality "1"]
[WhiteTeam "Tas Duvar"]
[BlackTeam "Gokturk"]
[WhiteTeamCountry "TUR"]
[BlackTeamCountry "TUR"]

1. e4 c5 2. Nf3 Nf6 3. e5 Nd5 4. Nc3 e6 5. Ne4 f5 6. Nc3 Nc7 7. d4 cxd4 8. Nxd4 d5 9. g4 Bc5 10. gxf5 exf5 11. Be3 0-0 12. Nce2 f4 13. Nxf4 Bxd4 14. Qxd4 Nc6 15. Qc5 Bg4 16. Be2 Rxf4 17. Bxf4 Ne6 18. Qe3 Qa5+ 19. Qd2 Bxe2 20. Kxe2 Qb5+ 21. Kd1 Qxb2 22. Rc1 Qxa2 23. Bg3 Rf8 24. Re1 a5 25. Re3 Qc4 26. Rb1 d4 27. Ra3 Qc5 28. Rab3 Nb4 29. Rxb4 axb4 30. Qxb4 g5 31. Qxc5 Nxc5 32. Rb5 Rc8 33. f3 Kf7 34. Bf2 Kg6 35. Bxd4 Ne6 36. Bb2 Rc7 37. Rb6 Kf5 38. Rd6 h5 39. Kd2 g4 40. fxg4+ hxg4 41. Kd1 Rh7 42. Rd2 Ng5 43. e6 Kxe6 44. Re2+ Kf5 45. Be5 Rd7+ 46. Kc1 Re7 0-1

[Event "TUR-chT"]
[Site "Konya"]
[Date "2019.07.27"]
[Round "12.7"]
[White "Karagollu, Ahmet"]
[Black "Safarli, Eltaj"]
[Result "1/2-1/2"]
[WhiteElo "2135"]
[BlackElo "2608"]
[PlyCount "113"]
[EventDate "2019.07.17"]
[EventType "team-tourn"]
[EventRounds "13"]
[EventCountry "TUR"]
[SourceTitle "CBM 191 Extra"]
[Source "ChessBase"]
[SourceDate "2019.09.30"]
[SourceVersion "1"]
[SourceVersionDate "2019.09.30"]
[SourceQuality "1"]
[WhiteTeam "Tas Duvar"]
[BlackTeam "Besiktas Jimnastik"]
[WhiteTeamCountry "TUR"]
[BlackTeamCountry "TUR"]

1. e4 c5 2. Nf3 Nc6 3. Bb5 d6 4. Bxc6+ bxc6 5. 0-0 Bg4 6. h3 Bh5 7. Re1 e6 8. d3 Nf6 9. Nbd2 Be7 10. Nf1 Nd7 11. Ng3 Bg6 12. e5 d5 13. Ne2 a5 14. a4 Nb6 15. Nf4 c4 16. dxc4 Nxc4 17. b3 Nb6 18. Nd4 Qd7 19. Bd2 c5 20. Nxg6 hxg6 21. Nb5 Rh5 22. Re2 Nc8 23. Qe1 Na7 24. c4 Nc6 25. cxd5 exd5 26. e6 fxe6 27. Rxe6 Kf7 28. Re3 d4 29. Re4 Kg8 30. Qe2 d3 31. Qe3 Bg5 32. f4 Bf6 33. Re1 Rd5 34. Kh2 Nb4 35. Qf3 Rf8 36. Rd1 g5 37. Nc3 Rd4 38. Nb5 Rd5 39. Nc3 Rf5 40. Nb5 Be5 41. g3 Nc6 42. Bc1 gxf4 43. g4 R5f6 44. Rxd3 Bd4 45. Bb2 Qd5 46. Bxd4 cxd4 47. Nc7 Qf7 48. Nb5 Re8 49. Rxe8+ Qxe8 50. Nxd4 Ne5 51. Qd5+ Kh8 52. Rc3 f3 53. Nxf3 Nxf3+ 54. Rxf3 Qe2+ 55. Kg3 Qe1+ 56. Kg2 Qe2+ 57. Kg3 1/2-1/2

[Event "TUR-chT"]
[Site "Ankara"]
[Date "2018.07.30"]
[Round "7.1"]
[White "Oksuz, Akin"]
[Black "Karagollu, Ahmet"]
[Result "1/2-1/2"]
[WhiteElo "2167"]
[BlackElo "2127"]
[PlyCount "127"]
[EventDate "2018.07.25"]
[EventType "team-tourn"]
[EventRounds "13"]
[EventCountry "TUR"]
[SourceTitle "CBM 185 Extra"]
[Source "ChessBase"]
[SourceDate "2018.07.29"]
[SourceVersion "1"]
[SourceVersionDate "2018.07.29"]
[SourceQuality "1"]
[WhiteTeam "Genc Akademisyenler"]
[BlackTeam "Tas Duvar"]
[WhiteTeamCountry "TUR"]
[BlackTeamCountry "TUR"]

1. d4 Nf6 2. c4 g6 3. Nc3 Bg7 4. e4 d6 5. f3 0-0 6. Be3 Nc6 7. Nge2 a6 8. Qd2 Na5 9. Nc1 Nd7 10. b4 Nc6 11. d5 Nxb4 12. Rb1 a5 13. Nb5 b6 14. Be2 e5 15. 0-0 Na6 16. Bd1 Nac5 17. Bc2 Nf6 18. Ne2 Ne8 19. Bg5 f6 20. Bh4 Qe7 21. g4 Rf7 22. Bf2 Qf8 23. Be3 f5 24. exf5 gxf5 25. h3 Bd7 26. Ng3 f4 27. Bxc5 Bxb5 28. cxb5 dxc5 29. Ne4 Bf6 30. Rfe1 Bh4 31. Re2 Nd6 32. Nxd6 cxd6 33. Bf5 Kh8 34. Qd3 Qh6 35. Be6 Rf6 36. Kg2 Ra7 37. Rh1 Rg7 38. Kf1 Qg5 39. a4 Rc7 40. Qc4 Rh6 41. Qe4 Rf6 42. Rc2 Qh6 43. Bf5 Qf8 44. Ke2 Qf7 45. Kd3 Qg8 46. Kc4 Qg5 47. Re2 Rg7 48. Be6 Rgg6 49. Bf5 Rh6 50. Qb1 Bg3 51. Rd2 Rh4 52. Qf1 h5 53. Re2 Rh6 54. Qb1 hxg4 55. Bxg4 Kg7 56. Qf5 Qxf5 57. Bxf5 Kf6 58. Bg4 Kg5 59. Rf1 Rh7 60. Kd3 Rc7 61. Rc1 Rhh7 62. Ke4 Rhf7 63. Be6 Rf6 64. Bg4 1/2-1/2

[Event "TUR Cup										"]
[Site "Antalya"]
[Date "2018.02.01"]
[Round "9"]
[White "Hasanoglu, Hakan"]
[Black "Karagollu, Ahmet"]
[Result "0-1"]
[WhiteElo "1545"]
[BlackElo "2134"]
[PlyCount "140"]
[EventDate "2018.01.27"]
[EventType "swiss"]
[EventRounds "11"]
[EventCountry "TUR"]
[SourceTitle "CBM 182 Extra"]
[Source "ChessBase"]
[SourceDate "2018.02.23"]
[SourceVersion "1"]
[SourceVersionDate "2018.02.23"]
[SourceQuality "1"]

1. d4 Nf6 2. c4 g6 3. Nf3 Bg7 4. g3 0-0 5. Bg2 d6 6. Nc3 Nc6 7. 0-0 a6 8. Qd3 Bf5 9. e4 Bg4 10. d5 Bxf3 11. Qxf3 Nd4 12. Qd3 c5 13. Ne2 Nd7 14. f4 b5 15. Be3 bxc4 16. Qxc4 Nb6 17. Qd3 Nxe2+ 18. Qxe2 Na4 19. Qc2 Qd7 20. Rab1 Rab8 21. b3 Nc3 22. Rbe1 Nb5 23. e5 Qb7 24. Bc1 Nd4 25. Qd2 Qb4 26. Qf2 a5 27. Bd2 Qb6 28. Bc3 h5 29. Bxd4 cxd4 30. Re2 dxe5 31. fxe5 Bh6 32. Kh1 Be3 33. Qf3 Qc7 34. Qe4 Rbc8 35. Bh3 Rcd8 36. Rc2 Qb7 37. Rc6 Kg7 38. e6 f6 39. Bg2 Qb8 40. Qc2 f5 41. Rc7 Bg5 42. Qc5 Qb4 43. Qxb4 axb4 44. Rc4 Be3 45. Rxb4 h4 46. gxh4 Rh8 47. Rb7 Kf6 48. a4 Rxh4 49. a5 d3 50. a6 d2 51. a7 Ra8 52. d6 Rxa7 53. d7 Rh8 54. Rxa7 Bxa7 55. Rd1 Be3 56. Bd5 Ke5 57. Bc4 g5 58. b4 Kd4 59. Be2 Bf4 60. b5 Ke3 61. Bc4 Bc7 62. Ra1 Rxh2+ 63. Kg1 Rh4 64. Ra3+ Kd4 65. Be2 Ke5 66. Re3+ Re4 67. Kf2 Bb6 68. d8Q Bxd8 69. Rd3 Bb6+ 70. Kf1 Rd4 0-1

[Event "TUR Cup										"]
[Site "Antalya"]
[Date "2018.02.01"]
[Round "8"]
[White "Karagollu, Ahmet"]
[Black "Baysan, Ersin"]
[Result "1-0"]
[WhiteElo "2134"]
[BlackElo "1881"]
[PlyCount "59"]
[EventDate "2018.01.27"]
[EventType "swiss"]
[EventRounds "11"]
[EventCountry "TUR"]
[SourceTitle "CBM 182 Extra"]
[Source "ChessBase"]
[SourceDate "2018.02.23"]
[SourceVersion "1"]
[SourceVersionDate "2018.02.23"]
[SourceQuality "1"]

1. e4 c5 2. Nf3 d6 3. Be2 Nf6 4. c3 g6 5. 0-0 Bg7 6. Bb5+ Bd7 7. Bxd7+ Nbxd7 8. Re1 0-0 9. d4 e5 10. dxe5 dxe5 11. a4 Qc7 12. Na3 Qc6 13. Qc2 c4 14. Nd2 Nh5 15. Naxc4 f5 16. Na5 Qc7 17. Qb3+ Rf7 18. Qxb7 Qd8 19. Nc6 Qf8 20. Qb4 Qe8 21. exf5 gxf5 22. Nf3 Bf8 23. Qh4 Rg7 24. Ncxe5 Nxe5 25. Rxe5 Qf7 26. Ng5 Rd8 27. Be3 Qb3 28. Qxh5 h6 29. Ne6 Rg4 30. Nxd8 1-0

[Event "TUR Cup										"]
[Site "Antalya"]
[Date "2018.01.28"]
[Round "2"]
[White "Karagollu, Ahmet"]
[Black "Karahan, Anil"]
[Result "1-0"]
[WhiteElo "2134"]
[BlackElo "1784"]
[PlyCount "55"]
[EventDate "2018.01.27"]
[EventType "swiss"]
[EventRounds "11"]
[EventCountry "TUR"]
[SourceTitle "CBM 182 Extra"]
[Source "ChessBase"]
[SourceDate "2018.02.23"]
[SourceVersion "1"]
[SourceVersionDate "2018.02.23"]
[SourceQuality "1"]

1. g3 Nf6 2. Bg2 g6 3. e4 d6 4. Nc3 Bg7 5. Nge2 e5 6. 0-0 0-0 7. d3 c6 8. h3 d5 9. exd5 cxd5 10. Bg5 Be6 11. d4 exd4 12. Nxd4 Nc6 13. Nxe6 fxe6 14. Qd2 Qd6 15. Rfe1 Rfe8 16. Rad1 a6 17. Ne2 Ne5 18. b3 Rad8 19. c4 Nf7 20. Bxf6 Bxf6 21. cxd5 exd5 22. Bxd5 Qc5 23. Nf4 Bg5 24. Rxe8+ Rxe8 25. h4 Bh6 26. Bxb7 Rd8 27. Bd5 Kh8 28. Qb2+ 1-0

[Event "TUR-chT"]
[Site "Kocaeli"]
[Date "2017.08.06"]
[Round "13.4"]
[White "Burcu, Cagatay"]
[Black "Karagollu, Ahmet"]
[Result "1-0"]
[WhiteElo "2268"]
[BlackElo "2083"]
[PlyCount "97"]
[EventDate "2017.07.26"]
[EventType "team-tourn"]
[EventRounds "13"]
[EventCountry "TUR"]
[SourceTitle "CBM 179 Extra"]
[Source "ChessBase"]
[SourceDate "2017.08.23"]
[SourceVersion "1"]
[SourceVersionDate "2017.08.23"]
[SourceQuality "1"]
[WhiteTeam "Istanbul Besiktas"]
[BlackTeam "Izmir Tas Duvar"]
[WhiteTeamCountry "TUR"]
[BlackTeamCountry "TUR"]

1. d4 Nf6 2. Nf3 g6 3. c4 Bg7 4. g3 0-0 5. Bg2 d6 6. 0-0 Nc6 7. Nc3 a6 8. Bf4 Bd7 9. Rc1 Re8 10. d5 Na5 11. Nd2 c5 12. dxc6 Nxc6 13. Nd5 Rc8 14. Be3 Nxd5 15. cxd5 Nd4 16. Nc4 b5 17. Bxd4 bxc4 18. Bxg7 Kxg7 19. Qd4+ Kg8 20. Rxc4 Rxc4 21. Qxc4 Qb6 22. b3 Qa5 23. a4 Rb8 24. Be4 Rb4 25. Qc2 Qb6 26. Bd3 Rxb3 27. Bb5 Rxb5 28. axb5 Bxb5 29. Qe4 Qc7 30. h4 h5 31. Rb1 Kf8 32. Qe3 Kg7 33. Rc1 Qd7 34. Qd4+ Kh7 35. Qe4 Kg7 36. Kg2 Kg8 37. Rc3 Kg7 38. f3 Qb7 39. Re3 Kf8 40. Qd4 Kg8 41. g4 hxg4 42. Qxg4 Qxd5 43. Rxe7 Kf8 44. Re3 Kg7 45. Qb4 Qc4 46. Qb2+ Kh7 47. Qf6 Bd7 48. Re4 Qd5 49. Re7 1-0

[Event "TUR-chT"]
[Site "Kocaeli"]
[Date "2017.07.30"]
[Round "5.6"]
[White "Karagollu, Ahmet"]
[Black "Kinsiz, Onur"]
[Result "1/2-1/2"]
[WhiteElo "2083"]
[BlackElo "2221"]
[PlyCount "61"]
[EventDate "2017.07.26"]
[EventType "team-tourn"]
[EventRounds "13"]
[EventCountry "TUR"]
[SourceTitle "CBM 179 Extra"]
[Source "ChessBase"]
[SourceDate "2017.08.23"]
[SourceVersion "1"]
[SourceVersionDate "2017.08.23"]
[SourceQuality "1"]
[WhiteTeam "Izmir Tas Duvar"]
[BlackTeam "Deniz su Aquamatch"]
[WhiteTeamCountry "TUR"]
[BlackTeamCountry "TUR"]

1. e4 d6 2. Nc3 Nf6 3. g3 c5 4. Bg2 Nc6 5. d3 g6 6. h3 Bg7 7. Be3 0-0 8. Qd2 Rb8 9. Nge2 b5 10. Bh6 b4 11. Nd5 e6 12. Bxg7 Kxg7 13. Ne3 Nd4 14. 0-0 Ng8 15. f4 f5 16. Nxd4 cxd4 17. Nc4 Ba6 18. Qf2 Bxc4 19. Qxd4+ Qf6 20. Qxc4 Rfc8 21. Qb3 Ne7 22. Rae1 Rc5 23. exf5 Nxf5 24. Rxe6 Qf7 25. Ree1 Nxg3 26. d4 Qxb3 27. cxb3 Rc7 28. Rf2 Rbc8 29. Bd5 Nf5 30. Rd2 Rc1 31. Kf2 1/2-1/2

[Event "Ordu op-A 3rd"]
[Site "Ordu"]
[Date "2017.04.05"]
[Round "2"]
[White "Karagollu, Ahmet"]
[Black "Hereklioglu, Sude"]
[Result "1-0"]
[WhiteElo "2103"]
[BlackElo "1856"]
[PlyCount "87"]
[EventDate "2017.04.04"]
[EventType "swiss"]
[EventRounds "9"]
[EventCountry "TUR"]
[SourceTitle "CBM 177 Extra"]
[Source "ChessBase"]
[SourceDate "2017.04.27"]
[SourceVersion "1"]
[SourceVersionDate "2017.04.27"]
[SourceQuality "1"]

1. b3 Nf6 2. Bb2 e6 3. e3 Be7 4. f4 0-0 5. Nf3 b6 6. Be2 Bb7 7. 0-0 c5 8. c4 d5 9. Ne5 Ne8 10. cxd5 exd5 11. Bg4 d4 12. exd4 cxd4 13. Bf3 Bd5 14. d3 f6 15. Nc4 Nc6 16. Nbd2 Nc7 17. Rc1 Nb4 18. Ne4 f5 19. Ng3 Nxa2 20. Ra1 Nc3 21. Bxc3 dxc3 22. Ne5 Bxf3 23. Qxf3 Bc5+ 24. Kh1 Ne6 25. Ne2 Bd4 26. Qc6 Nc5 27. Nxd4 Qxd4 28. b4 Nxd3 29. Nxd3 Qxd3 30. Rf3 Qd4 31. Rxc3 Qxb4 32. Rac1 Qxf4 33. Qd5+ Kh8 34. h3 h6 35. Rc4 Qg5 36. Rc7 a5 37. Qd4 b5 38. R7c6 a4 39. h4 Qg4 40. Rxh6+ Kg8 41. Qd5+ Rf7 42. Qxa8+ Rf8 43. Qd5+ Rf7 44. Rc8# 1-0

[Event "TUR Cup"]
[Site "Antalya"]
[Date "2017.02.01"]
[Round "7"]
[White "Karagollu, Ahmet"]
[Black "Aydin, Hasan Bora"]
[Result "1/2-1/2"]
[WhiteElo "2093"]
[BlackElo "2029"]
[PlyCount "60"]
[EventDate "2017.01.28"]
[EventType "swiss"]
[EventRounds "11"]
[EventCountry "TUR"]
[SourceTitle "CBM 176 Extra"]
[Source "ChessBase"]
[SourceDate "2017.03.02"]
[SourceVersion "1"]
[SourceVersionDate "2017.03.02"]
[SourceQuality "1"]

1. b3 e5 2. e3 d5 3. Bb2 Nd7 4. c4 Ngf6 5. cxd5 Nxd5 6. Be2 Bd6 7. Na3 c6 8. Nc4 Bc7 9. d3 0-0 10. Nf3 Re8 11. 0-0 a5 12. Rc1 b5 13. Ncd2 c5 14. Ne4 Qe7 15. Nc3 Nxc3 16. Bxc3 Nf6 17. Ba1 Bd7 18. Qc2 Bd6 19. Nd2 a4 20. Bf3 Ra7 21. Rfe1 Rc8 22. d4 axb3 23. axb3 cxd4 24. Qxc8+ Bxc8 25. Rxc8+ Ne8 26. Bc6 Rd7 27. exd4 Rd8 28. Rxd8 Qxd8 29. Nf3 Nc7 30. Nxe5 f6 1/2-1/2

[Event "TUR Cup"]
[Site "Antalya"]
[Date "2017.01.31"]
[Round "6"]
[White "Gundogan, Sinem Cagla"]
[Black "Karagollu, Ahmet"]
[Result "1/2-1/2"]
[WhiteElo "2061"]
[BlackElo "2093"]
[PlyCount "119"]
[EventDate "2017.01.28"]
[EventType "swiss"]
[EventRounds "11"]
[EventCountry "TUR"]
[SourceTitle "CBM 176 Extra"]
[Source "ChessBase"]
[SourceDate "2017.03.02"]
[SourceVersion "1"]
[SourceVersionDate "2017.03.02"]
[SourceQuality "1"]

1. e4 Nc6 2. d4 d5 3. e5 Bf5 4. Nf3 e6 5. c3 Nge7 6. Bd3 f6 7. 0-0 fxe5 8. Nxe5 Nxe5 9. dxe5 Qd7 10. a4 Bxd3 11. Qxd3 Ng6 12. Re1 Be7 13. Nd2 0-0 14. Nf3 c5 15. Qb5 Qc7 16. Bd2 Rf5 17. a5 Raf8 18. Qe2 Qc6 19. b4 Rxf3 20. b5 Qe8 21. gxf3 Nh4 22. Kh1 Nxf3 23. Rg1 Nxg1 24. Rxg1 Rf5 25. f4 g6 26. c4 Qd7 27. Qd3 Bf8 28. Be3 Rf7 29. Rd1 d4 30. Bd2 Kh8 31. Qe4 Qe7 32. a6 b6 33. Qc6 Qd7 34. Qe4 Bh6 35. Rg1 Rf8 36. Rg4 Bg7 37. Rg3 Qc8 38. Kg2 Rd8 39. Rd3 Bf8 40. Be1 Be7 41. Kf3 Rf8 42. Ke2 Bd8 43. Rh3 Kg8 44. Kd3 Qd7 45. Bd2 Qf7 46. Rg3 Kh8 47. Rg4 g5 48. Kc2 h5 49. Rg2 g4 50. h3 Qf5 51. Qxf5 exf5 52. Be1 Kg7 53. h4 Kf7 54. Bg3 Ke6 55. Kd3 Rf7 56. Rg1 Be7 57. Rg2 Bf8 58. Rg1 Bh6 59. Rg2 Bg7 60. Re2 1/2-1/2

[Event "TUR Cup"]
[Site "Antalya"]
[Date "2017.01.28"]
[Round "1"]
[White "Karagollu, Ahmet"]
[Black "Demirkesen, Mehmet Cihad"]
[Result "1-0"]
[WhiteElo "2093"]
[BlackElo "1574"]
[PlyCount "51"]
[EventDate "2017.01.28"]
[EventType "swiss"]
[EventRounds "11"]
[EventCountry "TUR"]
[SourceTitle "CBM 176 Extra"]
[Source "ChessBase"]
[SourceDate "2017.03.02"]
[SourceVersion "1"]
[SourceVersionDate "2017.03.02"]
[SourceQuality "1"]

1. e4 c5 2. Nf3 Nc6 3. b4 Nxb4 4. c3 Nc6 5. d4 e6 6. d5 Nce7 7. Na3 Ng6 8. h4 h5 9. d6 a6 10. e5 b5 11. Bd3 Bb7 12. Bxg6 fxg6 13. Qd3 Ne7 14. dxe7 Qxe7 15. Qxg6+ Qf7 16. Qxf7+ Kxf7 17. Ng5+ Ke7 18. 0-0 g6 19. Be3 Rc8 20. Nb1 Bg7 21. f4 b4 22. Nd2 Rc7 23. Nde4 Rhc8 24. Rac1 Bxe4 25. Nxe4 Bf8 26. Nd6 1-0

[Event "Ankara Baskent Univ op 2nd"]
[Site "Ankara"]
[Date "2017.??.??"]
[Round "6"]
[White "Baylav, Can"]
[Black "Karagollu, Ahmet"]
[Result "0-1"]
[WhiteElo "2001"]
[BlackElo "2083"]
[PlyCount "54"]
[EventDate "2017.06.30"]
[EventType "swiss"]
[EventRounds "9"]
[EventCountry "TUR"]
[SourceTitle "CBM 179 Extra"]
[Source "ChessBase"]
[SourceDate "2017.08.23"]
[SourceVersion "1"]
[SourceVersionDate "2017.08.23"]
[SourceQuality "1"]

1. e4 Nc6 2. Nf3 e5 3. Bb5 a6 4. Ba4 Nf6 5. 0-0 Be7 6. Re1 b5 7. Bb3 0-0 8. c3 d5 9. exd5 Nxd5 10. Nxe5 Nxe5 11. Rxe5 Nf6 12. h3 Bd6 13. Re1 Ng4 14. Qf3 Qh4 15. d4 Nxf2 16. Re8 Nxh3+ 17. gxh3 Bb7 18. Rxf8+ Rxf8 19. Qe3 Bf4 20. Qxf4 Qe1+ 21. Kh2 Qh1+ 22. Kg3 Qg2+ 23. Kh4 h6 24. Qg3 Qe4+ 25. Kh5 Kh7 26. Qf4 g6+ 27. Kg4 f5+ 0-1

[Event "TUR-chT"]
[Site "Izmir"]
[Date "2016.08.04"]
[Round "12.3"]
[White "Esen, Baris"]
[Black "Karagollu, Ahmet"]
[Result "1-0"]
[WhiteElo "2516"]
[BlackElo "2083"]
[PlyCount "115"]
[EventDate "2016.07.25"]
[EventType "team-swiss"]
[EventRounds "13"]
[EventCountry "TUR"]
[SourceTitle "CBM 173 Extra"]
[Source "ChessBase"]
[SourceDate "2016.08.29"]
[SourceVersion "1"]
[SourceVersionDate "2016.08.29"]
[SourceQuality "1"]
[WhiteTeam "Hatay Buyuksehir"]
[BlackTeam "Tas Duvar"]
[WhiteTeamCountry "TUR"]
[BlackTeamCountry "TUR"]

1. d4 Nf6 2. c4 g6 3. Nf3 Bg7 4. g3 0-0 5. Bg2 d6 6. 0-0 Nc6 7. Nc3 a6 8. h3 Rb8 9. e4 Nd7 10. Be3 Na5 11. b3 b5 12. cxb5 axb5 13. Rc1 c6 14. Qd2 Re8 15. Rfd1 Ba6 16. Ne1 Nf8 17. Nd3 Bc8 18. e5 d5 19. Ne2 Ra8 20. Nb4 Qb6 21. Nf4 Ne6 22. Rc3 Nxf4 23. Bxf4 Bd7 24. Bh6 Nb7 25. Bxg7 Kxg7 26. h4 h5 27. Kh2 Nd8 28. Bh3 Bxh3 29. Kxh3 Ra3 30. Kg2 Qa5 31. Rc2 Qa8 32. Rdc1 Qa5 33. Rb2 Qb6 34. Rbc2 Qa5 35. Nd3 Ne6 36. Qxa5 Rxa5 37. Nb4 Nxd4 38. Rd2 Nf5 39. Rxc6 d4 40. Rc5 Rea8 41. Kf3 Kf8 42. Ke4 Ng7 43. Rcc2 Ne6 44. Nc6 Ra3 45. Nxd4 Nxd4 46. Kxd4 R3a5 47. Kc5 Ke8 48. Kb4 e6 49. f4 R8a7 50. Rc8+ Ke7 51. Rc7+ Rxc7 52. Kxa5 Rb7 53. Ka6 Rb8 54. b4 Ke8 55. Ka7 Rc8 56. Kb6 Rb8+ 57. Kc6 Kf8 58. Kc7 1-0

[Event "TUR-chT"]
[Site "Izmir"]
[Date "2016.07.27"]
[Round "3.4"]
[White "Heberla, Bartlomiej"]
[Black "Karagollu, Ahmet"]
[Result "1-0"]
[WhiteElo "2543"]
[BlackElo "2083"]
[PlyCount "83"]
[EventDate "2016.07.25"]
[EventType "team-swiss"]
[EventRounds "13"]
[EventCountry "TUR"]
[SourceTitle "CBM 173 Extra"]
[Source "ChessBase"]
[SourceDate "2016.08.29"]
[SourceVersion "1"]
[SourceVersionDate "2016.08.29"]
[SourceQuality "1"]
[WhiteTeam "Turk Hava Yollari"]
[BlackTeam "Tas Duvar"]
[WhiteTeamCountry "TUR"]
[BlackTeamCountry "TUR"]

1. Nf3 Nf6 2. g3 g6 3. b3 Bg7 4. Bb2 0-0 5. Bg2 d6 6. d4 c5 7. 0-0 Qc7 8. c4 a6 9. Nc3 Nc6 10. Rc1 Nxd4 11. Nxd4 cxd4 12. Qxd4 Be6 13. Rfd1 Rab8 14. Qd2 Rfc8 15. Na4 b6 16. Bd4 Nd7 17. Be3 Ne5 18. Nc3 Qd7 19. Nd5 Qd8 20. Bg5 Bxd5 21. Qxd5 Qc7 22. h4 h6 23. Bf4 Qc5 24. Bh3 Rd8 25. Be3 Qc7 26. h5 gxh5 27. Qe4 Ng4 28. Bxg4 hxg4 29. Qxg4 Qd7 30. Qh4 Qe6 31. Bd4 b5 32. Bxg7 Kxg7 33. Rd4 d5 34. cxd5 Rxd5 35. Rxd5 Qxd5 36. Qxe7 Rd8 37. Rc7 Qd1+ 38. Kg2 Rf8 39. Qe5+ Kh7 40. e4 Qg4 41. Rc6 h5 42. f3 1-0

[Event "Ordu op 2nd"]
[Site "Ordu"]
[Date "2016.04.16"]
[Round "4"]
[White "Karagollu, Ahmet"]
[Black "Ozcan, Kadir Kutay"]
[Result "1-0"]
[WhiteElo "2083"]
[BlackElo "1689"]
[PlyCount "89"]
[EventDate "2016.04.14"]
[EventType "swiss"]
[EventRounds "7"]
[EventCountry "TUR"]
[SourceTitle "CBM 171 Extra"]
[Source "ChessBase"]
[SourceDate "2016.04.26"]
[SourceVersion "1"]
[SourceVersionDate "2016.04.26"]
[SourceQuality "1"]

1. e4 c5 2. Nf3 d6 3. d4 cxd4 4. Qxd4 Nc6 5. Bb5 Bd7 6. Bxc6 Bxc6 7. Nc3 Nf6 8. Bg5 e6 9. 0-0-0 Be7 10. Rhe1 Qc7 11. Kb1 a6 12. Qd2 Rd8 13. Nd4 0-0 14. f3 Rc8 15. g4 b5 16. Nce2 Bb7 17. Ng3 Qc5 18. h4 d5 19. e5 Ne8 20. Nh5 Bxg5 21. hxg5 Qe7 22. Nf6+ Nxf6 23. gxf6 gxf6 24. Qh6 fxe5 25. Rxe5 f6 26. Rxe6 Qg7 27. Qxg7+ Kxg7 28. Re7+ Rf7 29. Nf5+ Kf8 30. Rxf7+ Kxf7 31. Nd6+ Ke6 32. Nxb7 Rc4 33. Re1+ Kd7 34. Rh1 Rf4 35. Rxh7+ Kc6 36. Nd8+ Kd6 37. Rh3 f5 38. gxf5 Rxf5 39. Nb7+ Ke5 40. Nc5 a5 41. a3 d4 42. Nd3+ Kd5 43. f4 Kc4 44. Rh8 Rh5 45. Rxh5 1-0

[Event "Manavgat Turkey Cup"]
[Site "Manavgat"]
[Date "2016.02.06"]
[Round "11"]
[White "Dedebas, Emre Emin"]
[Black "Karagollu, Ahmet"]
[Result "1/2-1/2"]
[WhiteElo "2077"]
[BlackElo "2113"]
[PlyCount "23"]
[EventDate "2016.01.30"]
[EventType "swiss"]
[EventRounds "11"]
[EventCountry "TUR"]
[SourceTitle "CBM 170 Extra"]
[Source "ChessBase"]
[SourceDate "2016.02.25"]
[SourceVersion "1"]
[SourceVersionDate "2016.02.25"]
[SourceQuality "1"]

1. d4 Nf6 2. c4 g6 3. Nc3 Bg7 4. e4 d6 5. Bd3 0-0 6. Nge2 Nc6 7. 0-0 Nd7 8. Bc2 e5 9. d5 Nd4 10. Nxd4 exd4 11. Nb5 Ne5 12. Nxd4 1/2-1/2

[Event "Manavgat Turkey Cup"]
[Site "Manavgat"]
[Date "2016.02.04"]
[Round "8"]
[White "Karagollu, Ahmet"]
[Black "Sat, Eray"]
[Result "1/2-1/2"]
[WhiteElo "2113"]
[BlackElo "1898"]
[PlyCount "40"]
[EventDate "2016.01.30"]
[EventType "swiss"]
[EventRounds "11"]
[EventCountry "TUR"]
[SourceTitle "CBM 170 Extra"]
[Source "ChessBase"]
[SourceDate "2016.02.25"]
[SourceVersion "1"]
[SourceVersionDate "2016.02.25"]
[SourceQuality "1"]

1. e4 c6 2. d4 d5 3. Nc3 dxe4 4. Nxe4 Bf5 5. Ng3 Bg6 6. Nf3 Nd7 7. h4 h6 8. h5 Bh7 9. Bd3 Bxd3 10. Qxd3 e6 11. 0-0 Ngf6 12. c4 Bd6 13. Ne4 Nxe4 14. Qxe4 Nf6 15. Qh4 0-0 16. Bd2 Nd7 17. Qe4 Nf6 18. Qh4 Nd7 19. Qe4 Nf6 20. Qh4 Nd7 1/2-1/2